000 01335nam a2200337 a 4500
001 000108635
003 CHAP
005 20220329144019.0
008 140228s2012 mx | |sm |||||||spa|d
010 _a105097
011 _a106069
040 _cCHAP
090 _aTesis
100 1 _aRomero Salcedo, Ana María
_9125674
245 1 0 _aProductividad física, económica y social del agua de riego en vid (vitis vinifera) versus nogal pecanero (Carya illinoensis) promedios en el DR-017, Comarca Lagunera, 2011
_h[En línea]
_cpor Ana María Romero Salcedo.
260 _aChapingo, Méx. :
_bEl autor,
_c2012.
500 _aPara ver el contenido del material haga clic en la liga
502 _aTesis (Ing. Agr. en Sistemas Agrícolas de Zonas Aridas) -- UACH. Unidad Regional Universitaria de Zonas Aridas
590 _aBATCH-UPD
_b05
_c20140324
_lUCH01
_h1536
590 _aBATCH-UPD
_b05
_c20141002
_lUCH01
_h0856
590 _aE792CSJ
_b05
_c20140228
_lUCH01
_h1054
590 _aE792CSJ
_b05
_c20140228
_lUCH01
_h1054
650 1 4 _aAgua subterránea
_xRegiones áridas
_92477
650 1 4 _aBombeo
_xCostos.
_913626
650 1 4 _aNogal
_xIrrigación.
_981560
650 1 4 _aVid
_xIrrigación.
_9119122
856 _aFinding aid
_uhttp://10.13.5.2/tesis/sist108635.pdf
_zTeclea aquí
901 _aBK
942 _cTESIS
942 _n0
999 _c105097
_d105097